000 00203nam a2200073Ia 4500
008 170523s9999 xx 000 0 und d
100 _aSen- P.C.
245 0 _aPrinciples of Electric Machines and Power Electronics
260 _aWiley India
999 _c12043
_d12043